Television Shows Throughout History Quiz Stats

 Plays Quiz not verified by Sporcle

Challenge
Share
Tweet
Embed
Score 0/20 Timer 15:00
0 Plays Today
Information About Show Tv Show % Correct
Ray Romano, Patricia HeatonEverybody Loves Raymond
95.1%
Bob Saget, John Stamos, Olsen Twins, Dave CoulierFull House
93.2%
Tim Allen, Patricia Richardson, Richard KarnHome Improvement
92.4%
Will Smith, Alfonso RibieroFresh Prince of Bel-Air
91.1%
Tom Bosley, Ron Howard, Henry WinklerHappy Days
88.3%
Mark Paul Gooselaer, Mario Lopez, Dennis HaskinsSaved by the Bell
80.5%
Seth McFarland, Seth GreenFamily Guy
78.3%
Chuck Norris, Charence Gilyard, Noble Willingham, Sheree J. WilsonWalker Texas Ranger
78.3%
Robin Williams, Gina Hecht, Bob DonnerMork and Mindy
74.7%
Tony Danza, Alyssa Milano, Judith LightWho's the Boss?
73.5%
Information About Show Tv Show % Correct
Jaleel White, Jo Marie Payton, Reginald VelJohsonFamily Matters
69.9%
William Russ, Ben Savage, William DanielsBoy Meets World
66%
Erik Estrada, Larry Wilcox, Robert PineCHiPS
64.3%
John Ritter, Katey Segal, Martin Spanjers, David Spade8 Simple Rules
62.2%
Ted Danson, Terry Farrell, Hattie WinstonBecker
59.9%
Bob Newhart, Bill Daily, Marcia Wallace, The Bob Newhart Show
59.9%
Patrick Duffy, Suzanne SomersStep by Step
58%
Stephen Collins, David Gallagher, Barry Watson7th Heaven
46.3%
Fred Rogers, David Newell, Chuck Aber, Betty AberlinMister Rogers Neighborhood
25.7%
Dick Clark, Bill Cullen, John Davidson, Donny OsmondPyramid
21.2%

You're not logged in!

Compare scores with friends on all Sporcle quizzes.
Join for Free
OR
Log In

You Might Also Like...

Show Comments

Extras

Created Nov 22, 2009ReportNominate
Tags:Show Quiz

Top Quizzes Today


Score Distribution

Your Account Isn't Verified!

In order to create a playlist on Sporcle, you need to verify the email address you used during registration. Go to your Sporcle Settings to finish the process.

Report this User

Report this user for behavior that violates our Community Guidelines.

Details: